[Event "VIII Open"]
[Site "Padova ITA"]
[Date "2005.12.12"]
[Round "3"]
[White "Rosina, Graziano"]
[Black "Zarpellon, Daniel"]
[Result "0-1"]
[WhiteElo "1509"]
[BlackElo "2010"]
[PlyCount "55"]
[EventDate "2005.12.10"]

1. e4 c5 2. Nf3 Nc6 3. d4 cxd4 4. c3 d3 5. c4 Nb4 6. Bxd3 g6 7. O-O Bg7 8. a3
Nc6 9. Qc2 d6 10. h3 Nf6 11. Nc3 O-O 12. Bf4 Nd7 13. Rad1 Nde5 14. Bxe5 dxe5
15. Be2 Nd4 16. Qd3 Bd7 17. Nb5 Bxb5 18. cxb5 Qb6 19. b4 Rfd8 20. Qe3 Rac8 21.
Rc1 Rxc1 22. Rxc1 Bh6 23. Qxh6 Nxe2+ 24. Kh2 Nxc1 25. Ng5 Qf6 26. Qxh7+ Kf8 27.
Qh6+ Ke8 28. Nh7 0-1

[Event "VIII Open"]
[Site "Padova ITA"]
[Date "2005.12.12"]
[Round "3"]
[White "Russo, Carmelo"]
[Black "Pichierri, Gianmatteo"]
[Result "1-0"]
[WhiteElo "1728"]
[BlackElo "1539"]
[PlyCount "65"]
[EventDate "2005.12.10"]

1. d4 d5 2. Nf3 Nf6 3. Bg5 Bg4 4. Bxf6 exf6 5. e3 Nd7 6. h3 Bh5 7. Be2 c6 8.
Nh4 Bxe2 9. Qxe2 Qb6 10. c3 g6 11. O-O f5 12. a4 a5 13. Na3 Bg7 14. c4 Qa6 15.
Qc2 O-O 16. cxd5 c5 17. dxc5 Rac8 18. c6 bxc6 19. d6 Rb8 20. Rab1 Rb4 21. Nf3
Rfb8 22. b3 Qb7 23. Nc4 Qa7 24. Nd4 Bxd4 25. exd4 Nb6 26. Ne5 Rc8 27. Nxc6 Qb7
28. Ne7+ Kg7 29. Nxc8 Nxc8 30. Qc7 Qxc7 31. dxc7 Rxd4 32. Rfd1 Rb4 33. Rd8 1-0

[Event "VIII Open"]
[Site "Padova ITA"]
[Date "2005.12.12"]
[Round "3"]
[White "Tamburrini, Pierluigi"]
[Black "Bondielli, Giorgio"]
[Result "0-1"]
[WhiteElo "1643"]
[BlackElo "2005"]
[PlyCount "85"]
[EventDate "2005.12.10"]

1. e4 e5 2. Nf3 Nf6 3. Nc3 Bb4 4. a3 Bxc3 5. dxc3 Nxe4 6. Qd5 Nf6 7. Qxe5+ Qe7
8. Qxe7+ Kxe7 9. Bf4 d6 10. O-O-O Re8 11. Nd4 Bd7 12. Bd3 Nc6 13. Nb3 Kf8 14.
Rhe1 h6 15. h3 Ne5 16. Bf1 Re7 17. Nc5 Bc6 18. Nd3 Rae8 19. Nxe5 dxe5 20. Be3
b6 21. c4 Ne4 22. b4 f5 23. f3 Ng3 24. Bd3 e4 25. fxe4 Nxe4 26. Kb2 Ng3 27. Bf2
Rxe1 28. Rxe1 Rxe1 29. Bxe1 f4 30. Bxg3 fxg3 31. Bf1 Ke7 32. Kc3 Ke6 33. Kd4
Kf5 34. c3 Bb7 35. Ke3 g5 36. b5 c5 37. a4 Ke5 38. Kd3 Kf4 39. Kd2 h5 40. Kd3
Bc8 41. Kd2 h4 42. Be2 Bxh3 43. Bf3 0-1

[Event "VIII Open"]
[Site "Padova ITA"]
[Date "2005.12.12"]
[Round "3"]
[White "Vezzani, Stefano"]
[Black "Canazza, Alessandro"]
[Result "1/2-1/2"]
[WhiteElo "2198"]
[BlackElo "1727"]
[PlyCount "51"]
[EventDate "2005.12.10"]

1. Nf3 d5 2. g3 Bf5 3. Bg2 Nf6 4. O-O Nbd7 5. d4 e6 6. b3 Be7 7. Bb2 h6 8. c4
O-O 9. Nbd2 Ne4 10. Rc1 c6 11. e3 Nxd2 12. Nxd2 Nf6 13. f3 Qa5 14. a3 Rfc8 15.
b4 Qd8 16. e4 Bg6 17. Bc3 Rcb8 18. Qe2 a5 19. bxa5 b6 20. axb6 Bxa3 21. c5 Bxc1
22. Rxc1 Ra2 23. e5 Nd7 24. Ra1 Rba8 25. Rxa2 Rxa2 26. Bf1 1/2-1/2

[Event "VIII Open"]
[Site "Padova ITA"]
[Date "2005.12.13"]
[Round "4"]
[White "Belloni, Umberto"]
[Black "Rosina, Graziano"]
[Result "0-1"]
[WhiteElo "1910"]
[BlackElo "1509"]
[PlyCount "62"]
[EventDate "2005.12.10"]

1. d4 Nf6 2. c3 d5 3. Bf4 e6 4. Nf3 Bd6 5. Bg5 O-O 6. Nbd2 Be7 7. e3 Ng4 8.
Bxe7 Qxe7 9. h3 Nf6 10. Ne5 Nbd7 11. Ndf3 Ne4 12. Nxd7 Bxd7 13. Bd3 f5 14. g3
c5 15. dxc5 Qxc5 16. Bxe4 fxe4 17. Ne5 Bb5 18. a4 Be8 19. g4 Qd6 20. Qd4 Qe7
21. h4 Qf6 22. Rh2 Qe7 23. Rd1 b5 24. a5 Rb8 25. b4 Rc8 26. Kd2 a6 27. Kc2 Qd6
28. h5 Rc4 29. Nxc4 Qxh2 30. Qe5 Rxf2+ 31. Kb1 Rb2+ 0-1

[Event "VIII Open"]
[Site "Padova ITA"]
[Date "2005.12.13"]
[Round "4"]
[White "Canazza, Alessandro"]
[Black "Antoniacci, Riccardo"]
[Result "1-0"]
[WhiteElo "1727"]
[BlackElo "1972"]
[PlyCount "135"]
[EventDate "2005.12.10"]

1. d4 d5 2. Nf3 Nf6 3. Bf4 e6 4. e3 c5 5. c3 Nc6 6. Bd3 Bd6 7. dxc5 Bxc5 8.
Nbd2 Bd6 9. Bxd6 Qxd6 10. O-O O-O 11. h3 b6 12. Qe2 Rd8 13. Rad1 Bb7 14. e4 Ne5
15. Nxe5 Qxe5 16. f4 Qh5 17. Qxh5 Nxh5 18. e5 a5 19. Kh2 g6 20. g4 Ng7 21. Nf3
Ba6 22. Bxa6 Rxa6 23. Nd4 Rc8 24. Nb5 a4 25. Rd4 Ne8 26. Rfd1 Ra5 27. Na3 f5
28. Rb4 Rb8 29. Nb5 Kf7 30. Nd4 Ra6 31. Nb5 Ke7 32. Kg3 Kf7 33. Kh4 Ra5 34. Nd4
Rb7 35. Nc6 Ra8 36. Nd4 Nc7 37. c4 dxc4 38. Rxc4 Nd5 39. Rc6 Nxf4 40. g5 b5 41.
Kg3 Nh5+ 42. Kf3 Ng7 43. Ne2 Ke7 44. Nf4 Rd8 45. Rxd8 Kxd8 46. Nxe6+ Nxe6 47.
Rxe6 Rc7 48. Rb6 Rc5 49. Rb7 Rxe5 50. Rxh7 Rc5 51. Rb7 Kc8 52. Rb6 Kc7 53. Rxg6
a3 54. bxa3 Rc3+ 55. Kf4 Rxa3 56. h4 Rxa2 57. Kxf5 b4 58. Re6 b3 59. Re3 Ra3
60. Re4 Ra5+ 61. Kf6 b2 62. Rb4 Ra6+ 63. Kf7 Rb6 64. Rxb2 Rxb2 65. h5 Kd7 66.
g6 Rf2+ 67. Kg7 Re2 68. h6 1-0

[Event "VIII Open"]
[Site "Padova ITA"]
[Date "2005.12.13"]
[Round "4"]
[White "Cardili, Mariano"]
[Black "Naumkin, Igor"]
[Result "0-1"]
[WhiteElo "2066"]
[BlackElo "2445"]
[PlyCount "48"]
[EventDate "2005.12.10"]

1. d4 e6 2. c4 f5 3. g3 Nf6 4. Bg2 Bb4+ 5. Bd2 Bxd2+ 6. Nxd2 O-O 7. Ngf3 d6 8.
Qc2 Nc6 9. O-O e5 10. dxe5 dxe5 11. Rad1 Qe8 12. Qc3 f4 13. b4 e4 14. Ng5 e3
15. fxe3 fxg3 16. hxg3 Ne5 17. Nde4 Neg4 18. Qd3 Qh5 19. Rf4 c6 20. Bf3 Qh2+
21. Kf1 Bf5 22. Rxf5 Nxe4 23. Nxe4 Rxf5 24. Ke1 Ne5 0-1

[Event "VIII Open"]
[Site "Padova ITA"]
[Date "2005.12.13"]
[Round "4"]
[White "Cedriano, Filippo"]
[Black "Opacic, Alexandar"]
[Result "0-1"]
[WhiteElo "2039"]
[BlackElo "2122"]
[PlyCount "60"]
[EventDate "2005.12.10"]

1. d4 d5 2. Nf3 Nf6 3. Bf4 Bf5 4. e3 e6 5. c4 c6 6. Qb3 Qb6 7. Qxb6 axb6 8.
Nbd2 Nbd7 9. Ne5 Bb4 10. f3 h6 11. g4 Bh7 12. a3 Nxe5 13. Bxe5 Ke7 14. Rc1 Bd6
15. Bxd6+ Kxd6 16. c5+ bxc5 17. dxc5+ Kc7 18. Be2 Nd7 19. Kf2 e5 20. Nb3 Rhe8
21. Rhd1 f6 22. Rd2 Bg8 23. Rc3 Ra4 24. Bd1 h5 25. Na1 Rc4 26. Rxc4 dxc4 27. b4
cxb3 28. Nxb3 hxg4 29. fxg4 Bxb3 30. Bxb3 Nxc5 0-1

[Event "VIII Open"]
[Site "Padova ITA"]
[Date "2005.12.13"]
[Round "4"]
[White "Chiesa, Roberto"]
[Black "Sautto, Alessandra"]
[Result "0-1"]
[WhiteElo "1634"]
[BlackElo "1939"]
[PlyCount "94"]
[EventDate "2005.12.10"]

1. d4 d5 2. c4 e6 3. Nc3 Nf6 4. Bg5 Be7 5. e3 Nbd7 6. Nf3 a6 7. c5 Ne4 8. Bxe7
Qxe7 9. Qc2 Nxc3 10. Qxc3 c6 11. Bd3 O-O 12. O-O f6 13. b4 e5 14. e4 dxe4 15.
Bxe4 f5 16. Bc2 e4 17. Nd2 Nf6 18. a3 Be6 19. Bb3 f4 20. Rae1 Rad8 21. Nc4 Nd5
22. Qc2 f3 23. Qxe4 fxg2 24. Qxg2 Rf6 25. Kh1 Nf4 26. Qe4 Bd5 27. Qxd5+ Nxd5
28. Rxe7 Nxe7 29. Nd6+ Kf8 30. Bc2 g6 31. Kg2 Rd7 32. Rd1 Nd5 33. Re1 Re7 34.
Rxe7 Kxe7 35. Nxb7 Nc3 36. Bd3 Nb5 37. Bxb5 axb5 38. Kg3 Ke6 39. Na5 Kd5 40. h4
Kxd4 41. Kg4 h6 42. h5 g5 43. Nb7 Rxf2 44. Nd6 Rf4+ 45. Kg3 Kc3 46. Nb7 Kb2 47.
Nd8 Rf6 0-1

[Event "VIII Open"]
[Site "Padova ITA"]
[Date "2005.12.13"]
[Round "4"]
[White "De Santis, Alessio"]
[Black "Diotallevi, Maurizio"]
[Result "1-0"]
[WhiteElo "2331"]
[BlackElo "2113"]
[PlyCount "131"]
[EventDate "2005.12.10"]

1. d4 d5 2. c4 e6 3. Nc3 Nf6 4. cxd5 exd5 5. Bg5 Be7 6. e3 c6 7. Qc2 Nbd7 8.
Bd3 Nf8 9. Nge2 Ne6 10. Bh4 g6 11. O-O O-O 12. Rad1 Nh5 13. Bxe7 Qxe7 14. Rfe1
f5 15. a3 Bd7 16. b4 a6 17. Na4 Rae8 18. Nc5 Bc8 19. Nxe6 Bxe6 20. g3 Nf6 21.
Nf4 Bc8 22. Bf1 Qd6 23. Bg2 Re7 24. Nd3 Nd7 25. f4 Nf6 26. Ne5 Be6 27. Rb1 Rc7
28. Rec1 Rfc8 29. Rb3 Nd7 30. Rc3 Kg7 31. Bf1 Nf6 32. Bd3 Re7 33. Qb2 Ree8 34.
a4 Nd7 35. R3c2 Rc7 36. b5 axb5 37. axb5 Nxe5 38. fxe5 Qe7 39. bxc6 bxc6 40.
Qb6 Rec8 41. Ba6 Re8 42. Rxc6 Rxc6 43. Rxc6 Qf7 44. Rc7 Re7 45. Rxe7 Qxe7 46.
Qb7 Qxb7 47. Bxb7 g5 48. Kf2 Kf7 49. Bc6 Ke7 50. Ke2 Kd8 51. Kd2 Bf7 52. Kc3
Kc7 53. Bb5 Kb6 54. Bd7 Bg6 55. Be6 Kc6 56. h4 h6 57. hxg5 hxg5 58. Kb4 Bh5 59.
Bxf5 Bf3 60. Ka5 Bg2 61. Bg6 Bf1 62. e4 Bg2 63. Be8+ Kc7 64. exd5 Bxd5 65. Kb5
Kd8 66. Bc6 1-0

[Event "VIII Open"]
[Site "Padova ITA"]
[Date "2005.12.13"]
[Round "4"]
[White "Dervishi, Erald"]
[Black "Dragojlovic, Andjelko"]
[Result "1/2-1/2"]
[WhiteElo "2489"]
[BlackElo "2309"]
[PlyCount "185"]
[EventDate "2005.12.10"]

1. e4 c5 2. Nf3 g6 3. d4 cxd4 4. Nxd4 Nc6 5. Nc3 Bg7 6. Be3 Nf6 7. Bc4 O-O 8.
Bb3 d6 9. f3 Bd7 10. Qd2 Nxd4 11. Bxd4 b5 12. O-O-O a5 13. e5 dxe5 14. Bxe5 Bc6
15. Qxd8 Rfxd8 16. a4 b4 17. Nb5 Ne8 18. Bxg7 Kxg7 19. Nd4 Bb7 20. Rhe1 Kf8 21.
Re5 Nd6 22. Bd5 Bxd5 23. Rxd5 Rdc8 24. b3 Nb7 25. Kb2 Nc5 26. Re1 e6 27. Rd6
Rd8 28. Rxd8+ Rxd8 29. Nc6 Rd2 30. Kc1 Rxg2 31. Re5 Nd7 32. Rxa5 Rxh2 33. Ra8+
Kg7 34. a5 h5 35. a6 h4 36. a7 h3 37. Rg8+ Kxg8 38. a8=Q+ Kg7 39. Qa7 Rg2 40.
Qd4+ Nf6 41. Qh4 h2 42. Kb2 Nd5 43. Ne5 Ne3 44. Ng4 Nxg4 45. fxg4 e5 46. Qe1 e4
47. Qh1 Re2 48. Qf1 Rf2 49. Qe1 Kg8 50. g5 e3 51. Qxe3 Rxc2+ 52. Kxc2 h1=Q 53.
Qe8+ Kg7 54. Qe5+ Kh7 55. Qf4 Qg2+ 56. Kb1 Qb7 57. Kb2 Kg8 58. Qe5 Qg2+ 59. Kc1
Qf1+ 60. Kd2 Qf2+ 61. Kd3 Qf3+ 62. Kd2 Qh3 63. Qb8+ Kg7 64. Qxb4 Qg2+ 65. Kd3
Qxg5 66. Qd4+ Kf8 67. b4 Qb5+ 68. Kc3 Ke7 69. Qe4+ Kd6 70. Qd4+ Qd5 71. Qf6+
Kc7 72. Qe7+ Qd7 73. Qe5+ Kb7 74. Qg5 Qc6+ 75. Kb2 f5 76. Qe7+ Kb6 77. Qe5 Qc4
78. Ka3 Qd3+ 79. Ka4 Qc2+ 80. Ka3 Qd3+ 81. Ka4 Qd1+ 82. Ka3 Qf3+ 83. Ka4 Qc6+
84. Ka3 Kb7 85. Kb3 Qd7 86. Qe3 Qf7+ 87. Ka3 f4 88. Qc3 Kb8 89. Qe5+ Ka8 90.
Qe4+ Ka7 91. Qd4+ Kb7 92. Qe4+ Kc7 93. Qe5+ 1/2-1/2

[Event "VIII Open"]
[Site "Padova ITA"]
[Date "2005.12.13"]
[Round "4"]
[White "Facchin, Francesco"]
[Black "Roberti, Ignazio"]
[Result "0-1"]
[WhiteElo "1506"]
[BlackElo "1937"]
[PlyCount "52"]
[EventDate "2005.12.10"]

1. d4 Nf6 2. Nf3 e6 3. Bg5 h6 4. Bxf6 Qxf6 5. Nbd2 d5 6. e3 Nd7 7. Bd3 b6 8.
Qe2 Bb7 9. e4 dxe4 10. Nxe4 Qd8 11. O-O Be7 12. Rfe1 O-O 13. Rad1 Nf6 14. Nxf6+
Bxf6 15. c3 a5 16. a3 Qe7 17. Be4 Bxe4 18. Qxe4 Rad8 19. Ne5 Rd6 20. Nc4 Rdd8
21. Ne5 Rd5 22. Rd3 Qd8 23. Red1 c5 24. dxc5 Rxe5 25. Qxe5 Qxd3 26. Rxd3 Bxe5
0-1

[Event "VIII Open"]
[Site "Padova ITA"]
[Date "2005.12.13"]
[Round "4"]
[White "Gallo, Enrico"]
[Black "Del Monaco, Andrea"]
[Result "0-1"]
[WhiteElo "2113"]
[BlackElo "2234"]
[PlyCount "62"]
[EventDate "2005.12.10"]

1. e4 e6 2. d4 c5 3. Nf3 cxd4 4. Nxd4 a6 5. c4 Nf6 6. Nc3 Qc7 7. Be2 b6 8. O-O
Bb7 9. Qd3 d6 10. f4 Nbd7 11. Bf3 Be7 12. b3 O-O 13. Bb2 Rad8 14. Kh1 Ne5 15.
Qe2 Nxf3 16. Nxf3 d5 17. cxd5 exd5 18. e5 Ne4 19. Nxe4 dxe4 20. Nd4 Bc5 21. Nf5
Bc8 22. Ng3 e3 23. f5 Rd2 24. Qh5 Qc6 25. Rf3 Rfd8 26. e6 fxe6 27. Bxg7 Rd1+
28. Rf1 Bb7 29. Qh3 R8d2 30. Raxd1 Qxg2+ 31. Qxg2 Bxg2+ 0-1

[Event "VIII Open"]
[Site "Padova ITA"]
[Date "2005.12.13"]
[Round "4"]
[White "Mosconi, Ariel Oscar"]
[Black "Di Lazzaro, Gabriele"]
[Result "1-0"]
[WhiteElo "2164"]
[BlackElo "2025"]
[PlyCount "115"]
[EventDate "2005.12.10"]

1. d4 d5 2. Nf3 Nf6 3. Bf4 c5 4. c3 Nc6 5. e3 Qb6 6. Qb3 c4 7. Qc2 Bf5 8. Qc1
Nh5 9. Bg5 f6 10. Bh4 g5 11. Bg3 Nxg3 12. hxg3 e6 13. Nbd2 Qa5 14. Be2 O-O-O
15. Bd1 e5 16. Bc2 Bxc2 17. Qxc2 e4 18. Ng1 f5 19. Rh5 h6 20. g4 fxg4 21. Qd1
Kb8 22. Qxg4 Be7 23. Ne2 Rdf8 24. Ng3 Rf6 25. Rh1 Qb6 26. Rb1 Rhf8 27. Rf1 Nd8
28. Nh5 R6f7 29. Qd7 Qe6 30. Qxe6 Nxe6 31. b3 cxb3 32. axb3 Nc7 33. Ke2 Nb5 34.
Rbc1 Ba3 35. Rc2 Nd6 36. Nb1 Nb5 37. c4 Rc8 38. Nxa3 Nxa3 39. Ra2 dxc4 40. Rxa3
cxb3 41. Rxb3 Rc2+ 42. Kd1 Rfc7 43. Rb1 Ra2 44. Ng3 Re7 45. Ke1 b6 46. Rh1 Re6
47. Rd1 b5 48. d5 Rea6 49. d6 Ra1 50. Rxh6 Rxd1+ 51. Kxd1 Ra2 52. Nxe4 Kb7 53.
Rh7+ Kc6 54. Rc7+ Kb6 55. Rc1 Ra3 56. Ke2 g4 57. d7 Ra2+ 58. Nd2 1-0

[Event "VIII Open"]
[Site "Padova ITA"]
[Date "2005.12.13"]
[Round "4"]
[White "Navarro, Stefano"]
[Black "Contini, Davide"]
[Result "1-0"]
[WhiteElo "2224"]
[BlackElo "2056"]
[PlyCount "51"]
[EventDate "2005.12.10"]

1. e4 c5 2. Nf3 d6 3. d4 cxd4 4. Nxd4 Nf6 5. Nc3 a6 6. f4 e6 7. Qf3 Qc7 8. g4
Nc6 9. Nb3 b5 10. g5 Nd7 11. Bd3 Bb7 12. Be3 Be7 13. h4 Nc5 14. O-O-O O-O-O 15.
Kb1 Kb8 16. Rhe1 h6 17. Qf2 hxg5 18. hxg5 b4 19. Ne2 Na5 20. Nec1 Rc8 21. Nxa5
Qxa5 22. Nb3 Qc7 23. Bd4 Rh7 24. Nxc5 e5 25. Nxb7 exd4 26. e5 1-0

[Event "VIII Open"]
[Site "Padova ITA"]
[Date "2005.12.13"]
[Round "4"]
[White "Quaranta, Gaetano"]
[Black "Pichierri, Gianmatteo"]
[Result "1/2-1/2"]
[WhiteElo "1625"]
[BlackElo "1539"]
[PlyCount "121"]
[EventDate "2005.12.10"]

1. e4 e5 2. Nf3 Nc6 3. Bc4 Bc5 4. Nc3 Nf6 5. d3 d6 6. h3 Na5 7. Bb3 Nxb3 8.
axb3 a6 9. Be3 Bb4 10. O-O Bxc3 11. bxc3 Qe7 12. Nd2 g5 13. f3 Nh5 14. Qe1 Nf4
15. Kh2 h5 16. Bxf4 exf4 17. Kg1 g4 18. fxg4 hxg4 19. hxg4 Bxg4 20. Rxf4 Be6
21. Qg3 O-O-O 22. Qe3 Qg5 23. Nf3 Qg3 24. Ra5 Rdg8 25. Qd2 Bh3 26. Ne1 Bxg2 27.
Nxg2 Qh2+ 28. Kf1 Qh1+ 29. Ke2 Rxg2+ 30. Rf2 Rxf2+ 31. Kxf2 Rh2+ 32. Ke3 Rxd2
33. Kxd2 Qg2+ 34. Kc1 Qf1+ 35. Kb2 Qe1 36. Rf5 b5 37. Rxf7 Kb7 38. Rf5 c5 39.
Rd5 Kc6 40. Rf5 a5 41. Rd5 c4 42. dxc4 bxc4 43. Rxa5 cxb3 44. Ra1 Qxe4 45. Kxb3
Qd5+ 46. Kb2 Qb5+ 47. Kc1 Kd5 48. Ra3 Ke4 49. Rb3 Qf1+ 50. Kb2 Qd1 51. Rb4+ Ke5
52. Rb3 d5 53. Rb4 Qg1 54. Ra4 Qc5 55. Rb4 Kd6 56. Rd4 Qa5 57. Rb4 Kc5 58. Rd4
Kd6 59. Rb4 Ke5 60. Rd4 Qc5 61. Rb4 1/2-1/2

[Event "VIII Open"]
[Site "Padova ITA"]
[Date "2005.12.13"]
[Round "4"]
[White "Rossi, Carlo"]
[Black "Bondielli, Giorgio"]
[Result "1-0"]
[WhiteElo "2357"]
[BlackElo "2005"]
[PlyCount "33"]
[EventDate "2005.12.10"]

1. d4 f5 2. g4 e6 3. gxf5 exf5 4. e4 Qe7 5. e5 d6 6. Nf3 Nf6 7. Nc3 Nc6 8. Qe2
Ne4 9. Nxe4 fxe4 10. Qxe4 dxe5 11. Bg5 Qb4+ 12. c3 Qxb2 13. Rb1 Qxc3+ 14. Bd2
Qa3 15. Bb5 Bd7 16. d5 Bd6 17. dxc6 1-0

[Event "VIII Open"]
[Site "Padova ITA"]
[Date "2005.12.13"]
[Round "4"]
[White "Tamburrini, Pierluigi"]
[Black "Milanesi, Erminio"]
[Result "1-0"]
[WhiteElo "1643"]
[BlackElo "1616"]
[PlyCount "91"]
[EventDate "2005.12.10"]

1. e4 g6 2. d4 Nh6 3. Nf3 f6 4. Bc4 e6 5. O-O Nf7 6. Nc3 Bg7 7. Re1 O-O 8. Bf4
c6 9. d5 e5 10. Be3 d6 11. h3 c5 12. Qd2 a6 13. a4 b6 14. Ne2 f5 15. Bg5 Qc7
16. exf5 Bxf5 17. Ng3 Qc8 18. Ne4 Bxe4 19. Rxe4 Nxg5 20. Nxg5 Bh6 21. Rh4 Bxg5
22. Qxg5 Qf5 23. Qd2 Nd7 24. Ra3 Qf6 25. Rg4 Qg7 26. Bd3 Nf6 27. Rg5 e4 28. Bc4
Nh5 29. Rxh5 Qxb2 30. Rg3 b5 31. axb5 axb5 32. Bf1 Ra1 33. Rhg5 Rf6 34. Qe2 Qb4
35. Re3 Qb2 36. Rxe4 Qc1 37. h4 Kg7 38. Rg3 Rb1 39. Rb3 Ra1 40. Rxb5 Rf7 41.
Re7 g5 42. Rxf7+ Kxf7 43. Qe6+ Kf8 44. Rb8+ Kg7 45. Rb7+ Kf8 46. Qc8# 1-0

[Event "VIII Open"]
[Site "Padova ITA"]
[Date "2005.12.13"]
[Round "4"]
[White "Zarpellon, Daniel"]
[Black "Drazic, Sinisa"]
[Result "0-1"]
[WhiteElo "2010"]
[BlackElo "2523"]
[PlyCount "196"]
[EventDate "2005.12.10"]

1. d4 Nf6 2. c4 g6 3. Nc3 Bg7 4. e4 d6 5. Nf3 O-O 6. Be2 h6 7. O-O a6 8. h3 e5
9. dxe5 dxe5 10. Qxd8 Rxd8 11. Be3 Nc6 12. Rfd1 Be6 13. b3 Kh7 14. Rxd8 Rxd8
15. Rd1 Rxd1+ 16. Bxd1 Bf8 17. Bc2 Kg7 18. Bb1 Ne8 19. Ne2 Ba3 20. Ne1 f6 21.
f3 h5 22. h4 Kf7 23. g3 Ng7 24. Kf2 Be7 25. Nc2 Bd7 26. Ne1 Ne6 27. Nd3 Ba3 28.
Bc1 Bf8 29. Be3 Ba3 30. Bc1 Bd6 31. Be3 b6 32. Nc3 Ncd4 33. Ne2 Nc6 34. Nc3 Na5
35. Bc2 Ba3 36. Bc1 Bf8 37. Be3 Nc6 38. Bb1 Bd6 39. Bc2 Ncd4 40. Bd1 Kg7 41.
Ne2 Nc6 42. Nc3 Be8 43. Bc2 Ncd4 44. Bd1 Bf7 45. Ne2 Nc6 46. Nc3 Na5 47. Bc2
Nc6 48. Bd1 Na5 49. Bc2 Nb7 50. Bb1 Be8 51. Bc2 Na5 52. Bd1 Bc6 53. Bc2 Bd7 54.
Bd1 Nc6 55. Bc2 Kf8 56. Bd1 Kf7 57. Bc2 Nb4 58. Nxb4 Bxb4 59. Nd5 Ba3 60. Bd2
b5 61. Bd3 Bc5+ 62. Be3 Bd6 63. Nc3 b4 64. Ne2 Ke7 65. Nc1 a5 66. Bc2 Bc5 67.
Bxc5+ Nxc5 68. Nd3 Ne6 69. Bd1 Kd6 70. Ke3 Nd4 71. Nc1 Bh3 72. Ne2 Nc6 73. Nc1
Be6 74. Ne2 Bf7 75. Ng1 Nd4 76. Ne2 Ne6 77. Ng1 Kc5 78. Ne2 Kb6 79. Ng1 Kc5 80.
Ne2 Kd6 81. Bc2 Nd4 82. Nc1 Bg8 83. Nd3 Ne6 84. Nc1 g5 85. Bd1 Bf7 86. Ne2 Kc5
87. hxg5 fxg5 88. Ng1 h4 89. gxh4 gxh4 90. Nh3 Be8 91. Be2 a4 92. Nf2 Nf4 93.
Bf1 Bd7 94. bxa4 Kb6 95. Bd3 Bxa4 96. Ng4 h3 97. Nh2 Kc5 98. Bf1 Bd7 0-1

[Event "VIII Open"]
[Site "Padova ITA"]
[Date "2005.12.14"]
[Round "5"]
[White "Antoniacci, Riccardo"]
[Black "Facchin, Francesco"]
[Result "1-0"]
[WhiteElo "1972"]
[BlackElo "1506"]
[PlyCount "47"]
[EventDate "2005.12.10"]

1. d4 Nf6 2. c4 e6 3. Nf3 d5 4. Nc3 c6 5. Bg5 Nbd7 6. e3 Be7 7. Bd3 dxc4 8.
Bxc4 Qa5 9. O-O h6 10. Bh4 b5 11. Bd3 Qc7 12. e4 Bb7 13. Bg3 Qd8 14. d5 cxd5
15. exd5 Nxd5 16. Nxb5 O-O 17. Nd6 Bxd6 18. Bxd6 Re8 19. Rc1 Qb6 20. Ba3 N7f6
21. Ne5 Rec8 22. Qd2 Ba6 23. Nc4 Qd4 24. Bh7+ 1-0

[Event "VIII Open"]
[Site "Padova ITA"]
[Date "2005.12.14"]
[Round "5"]
[White "Contini, Davide"]
[Black "Rossi, Carlo"]
[Result "0-1"]
[WhiteElo "2056"]
[BlackElo "2357"]
[PlyCount "44"]
[EventDate "2005.12.10"]

1. d4 Nc6 2. e4 d5 3. e5 f6 4. exf6 Nxf6 5. Bb5 Qd6 6. Ne2 e5 7. Bxc6+ bxc6 8.
dxe5 Qxe5 9. O-O Bd6 10. f4 Bc5+ 11. Kh1 Qh5 12. Ng3 Qh4 13. Qe1+ Kf7 14. Ne4
Qxe1 15. Ng5+ Kg6 16. Rxe1 Bf5 17. Bd2 Rhe8 18. Nc3 Bxc2 19. Ne6 Bb6 20. Re5 h6
21. Rae1 Ng4 22. h3 Nxe5 0-1

[Event "VIII Open"]
[Site "Padova ITA"]
[Date "2005.12.14"]
[Round "5"]
[White "Del Monaco, Andrea"]
[Black "Lazic, Miroljub"]
[Result "0-1"]
[WhiteElo "2234"]
[BlackElo "2472"]
[PlyCount "110"]
[EventDate "2005.12.10"]

1. e4 e5 2. Nf3 Nc6 3. Bc4 Bc5 4. c3 Nf6 5. d4 exd4 6. cxd4 Bb4+ 7. Bd2 Bxd2+
8. Nbxd2 d5 9. exd5 Nxd5 10. Qb3 Na5 11. Qa4+ Nc6 12. Qb3 Nce7 13. O-O O-O 14.
Rfe1 c6 15. Ne4 Nb6 16. Bf1 Ned5 17. Rad1 Bg4 18. h3 Bxf3 19. Qxf3 Qc7 20. g3
Rae8 21. Bd3 Re7 22. Re2 Rfe8 23. Rde1 Nd7 24. Bc4 N7f6 25. Bxd5 Nxd5 26. Nc3
Nf6 27. Ne4 Nd7 28. Ng5 Nf8 29. Rxe7 Rxe7 30. Re4 h6 31. Qe3 Rxe4 32. Nxe4 Qd8
33. Nc5 b6 34. Nb3 Ne6 35. h4 a5 36. Qe4 a4 37. d5 axb3 38. dxe6 bxa2 39. exf7+
Kxf7 40. Qa4 Qd5 41. h5 Qa5 42. Qb3+ Kf6 43. Qf3+ Kg5 44. Qf4+ Kxh5 45. Qf7+
Kg5 46. Qxg7+ Kf5 47. Qf7+ Ke4 48. Qc4+ Ke5 49. Qf4+ Kd5 50. Qf5+ Kd4 51. Qg4+
Kc5 52. Qf5+ Kb4 53. Qe4+ Kb3 54. Qd3+ Kxb2 55. Qd4+ Qc3 0-1

[Event "VIII Open"]
[Site "Padova ITA"]
[Date "2005.12.14"]
[Round "5"]
[White "Di Lazzaro, Gabriele"]
[Black "Cipolotti, Piersilvio"]
[Result "1-0"]
[WhiteElo "2025"]
[BlackElo "1703"]
[PlyCount "91"]
[EventDate "2005.12.10"]

1. Nf3 Nc6 2. c4 e5 3. d3 Bc5 4. Nc3 d6 5. g3 Bg4 6. Bg2 Qd7 7. h3 Be6 8. a3
Nge7 9. b4 Bb6 10. Ng5 O-O 11. Nxe6 fxe6 12. O-O Nf5 13. e3 Nd8 14. Bb2 Rb8 15.
Qb3 Nf7 16. Ne4 Nxe3 17. fxe3 Bxe3+ 18. Kh2 b6 19. Rae1 Bd4 20. Bxd4 exd4 21.
Qd1 e5 22. Qh5 Kh8 23. Rf2 Nh6 24. Ref1 Rxf2 25. Rxf2 Qa4 26. Ng5 Qe8 27. Nf7+
Nxf7 28. Qxf7 Qxf7 29. Rxf7 Rc8 30. Bb7 Kg8 31. Rxg7+ Kxg7 32. Bxc8 Kf6 33. Kg2
e4 34. dxe4 Ke5 35. Kf3 d3 36. Ke3 d2 37. Bg4 a6 38. Bd1 c6 39. Kxd2 Kxe4 40.
Kc3 Ke3 41. h4 Kf2 42. g4 Ke1 43. Bf3 c5 44. bxc5 dxc5 45. g5 Kf2 46. Be4 1-0

[Event "VIII Open"]
[Site "Padova ITA"]
[Date "2005.12.14"]
[Round "5"]
[White "Diotallevi, Maurizio"]
[Black "Zarpellon, Daniel"]
[Result "1-0"]
[WhiteElo "2113"]
[BlackElo "2010"]
[PlyCount "99"]
[EventDate "2005.12.10"]

1. e4 c5 2. Nf3 Nc6 3. Bb5 g6 4. O-O Bg7 5. Re1 a6 6. Bf1 d6 7. c3 Nf6 8. h3
O-O 9. d4 Nd7 10. Na3 Qc7 11. Be3 b6 12. Qd2 Bb7 13. Bh6 e6 14. Bxg7 Kxg7 15.
Rad1 Rad8 16. Nc2 Bc8 17. Ne3 Nf6 18. Ng4 Nxg4 19. hxg4 e5 20. d5 Nb8 21. g5 f6
22. Nh2 fxg5 23. Qxg5 h6 24. Qe3 g5 25. Be2 Qf7 26. g3 Qg6 27. Kh1 Qf6 28. Kg2
Rh8 29. Bh5 Rdg8 30. Rh1 Kf8 31. Qe2 Rg7 32. Rd3 Qd8 33. Ng4 Ke7 34. Rf3 Bxg4
35. Bxg4 Nd7 36. Bxd7 Qxd7 37. Qxa6 h5 38. Qxb6 h4 39. Rf5 Rgg8 40. Qb3 hxg3
41. Rxh8 Rxh8 42. fxg3 Qa7 43. Rxg5 Rh7 44. Rf5 Rh8 45. Rg5 Rh7 46. c4 Rf7 47.
a3 Qa5 48. Qb7+ Kf8 49. Qc8+ Ke7 50. Qe6+ 1-0

[Event "VIII Open"]
[Site "Padova ITA"]
[Date "2005.12.14"]
[Round "5"]
[White "Dragojlovic, Andjelko"]
[Black "De Santis, Alessio"]
[Result "1/2-1/2"]
[WhiteElo "2309"]
[BlackElo "2331"]
[PlyCount "62"]
[EventDate "2005.12.10"]

1. e4 e6 2. d4 d5 3. Nc3 Nf6 4. Bg5 Be7 5. e5 Nfd7 6. Bxe7 Qxe7 7. f4 O-O 8.
Nf3 c5 9. Bd3 f5 10. dxc5 Nxc5 11. h4 Nc6 12. Ne2 a6 13. Ned4 Bd7 14. c3 Be8
15. h5 Rc8 16. h6 g6 17. g3 Ne4 18. Bxe4 fxe4 19. Ng1 Nxd4 20. Qxd4 Bb5 21. Nh3
Rc4 22. Qe3 d4 23. cxd4 Qb4+ 24. Qd2 Qxd2+ 25. Kxd2 Rxd4+ 26. Ke1 Rfd8 27. Rh2
e3 28. Ng5 Rd2 29. Rxd2 Rxd2 30. Rc1 Re2+ 31. Kd1 Rd2+ 1/2-1/2

[Event "VIII Open"]
[Site "Padova ITA"]
[Date "2005.12.14"]
[Round "5"]
[White "Drazic, Sinisa"]
[Black "Canazza, Alessandro"]
[Result "1-0"]
[WhiteElo "2523"]
[BlackElo "1727"]
[PlyCount "57"]
[EventDate "2005.12.10"]

1. c4 Nf6 2. Nc3 g6 3. d4 d5 4. Nf3 Bg7 5. Bg5 Ne4 6. cxd5 Nxc3 7. bxc3 Qxd5 8.
Qb3 Qxb3 9. axb3 c5 10. e3 cxd4 11. Nxd4 a6 12. Be2 Bd7 13. b4 e5 14. Nb5 Bxb5
15. Bxb5+ Nc6 16. Bxc6+ bxc6 17. e4 f6 18. Be3 Kf7 19. Ke2 Rhc8 20. Ra5 Bf8 21.
Rha1 h5 22. Kd3 c5 23. b5 c4+ 24. Ke2 Bc5 25. b6 Bxe3 26. b7 Bd4 27. bxa8=Q
Rxa8 28. cxd4 exd4 29. Rc5 1-0